| 000 | 00374nam a2200133Ia 4500 | ||
|---|---|---|---|
| 008 | 191014s9999 xx 000 0 und d | ||
| 020 | _a0-387-90526-X | ||
| 082 |
_a515.35 _bLOO |
||
| 100 |
_aGerard Looss Daniel D. Joseph _920414 |
||
| 245 | 0 | _aElementary Stability and Bifurcation Theory | |
| 260 |
_aNew York _bSpringer-Verlag _c1980 |
||
| 300 | _aXv,285 | ||
| 942 | _cBK | ||
| 999 |
_c530996 _d530996 |
||